Madres con energía

Gespeichert in:
Bibliographische Detailangaben
1. Verfasser: France, Marie de (VerfasserIn)
Format: Buch
Sprache:Spanisch
Veröffentlicht: Buenos Aires Paulinas 1957
Schriftenreihe:Colección madres y niños, 1
Schlagworte:
Tags: Tag hinzufügen
Keine Tags, Fügen Sie den ersten Tag hinzu!

MARC

LEADER 00000nam a2200000 a 4500
001 UCY8520
003 CL-VaPUC
008 950703e19571200AG |||||||||||||||||spa|d
082 0 4 |a 306.874  |b FRA  |2 21 
100 0 |a France, Marie de  |e author  |9 339943 
245 1 0 |a Madres con energía 
300 |a 163 p 
942 |c BK 
945 |d 19950703 00:00:00  |a cmena 
260 |a Buenos Aires  |b Paulinas  |c 1957 
650 0 |a Madres  |9 335761 
650 0 |a Mujeres  |9 257649 
650 0 |a Relaciones interpersonales  |9 307056 
650 7 |a RELACIONES PADRES-HIJOS  |2 CL-VaPUC  |9 308185 
650 0 |a Voluntad  |9 307812 
650 0 |a Valores morales   |9 310604 
650 0 |a Niños  |9 255605 
650 7 |a INFLUENCIA FAMILIAR  |2 CL-VaPUC  |9 335148 
583 |a last modification  |c 19950703 00:00:00  |k Rodrigo Vera 
490 0 |a Colección madres y niños, 1 
999 |c 235756  |d 235754 
952 |0 0  |1 0  |4 0  |6 306_874000000000000_FRA_1957  |7 0  |8 P  |9 243372  |a BIBEDU  |b BIBEDU  |c BIBEDU_PB  |d 2019-11-18  |i 1524372  |o 306.874 FRA 1957  |p 1524372  |r 2024-01-25  |w 2019-11-18  |y BK  |k EDU